000
00317nam a2200133Ia 4500
008
190216s9999||||xx |||||||||||||| ||und||
100
_a
Sharma J.N-Vasishtha.A.R
245
0
_a
Differential Geometry
250
_a
SECOND
260
_b
Kedernath Ramnath
_c
1978
300
_a
399
650
_a
Mathematics
942
_c
BK
999
_c
30619
_d
30619